000 00315nam a2200109Ia 4500
008 200302s9999 xx 000 0 und d
100 _aEmma Felton Ocsana Zelenko and Suzi Vaughan
245 _aDesign and Ethics Reflections on Practice
260 _bRoutledge Taylor & Francis Group
260 _c2012
300 _a234
999 _c3310
_d3310